00394ntaaa2200157 45000030003000000050017000030080021000200400037000410820017000781000023000952450028001182500010001462600046001563000011002026500023002130120251027201455.00714s1973 ag 01  aAR-BaBNbspacAR-BaBNeaacrdRIC a226.6000 C11 aCadbury, Henry J.  aBook of Acts in history a1 ed. aLondon : bAdam and Charles Black, c1955 a170 p. aBiblia-N.T.-Hechos